Statystyki dla Największe Miasta na Każdą Literę w Pomorskim

Kliknij tutaj aby rozwiązać quiz!

Ogólne statystyki

  • Ten quiz został rozwiązany 96 razy
    (75 od ostatniego zresetowania)
  • Średni wynik to 13 z 18

Statystyki odpowiedzi

LiteraMiasto% Poprawnych
GGdańsk
100%
SSłupsk
89%
HHel
86%
MMalbork
83%
ŁŁeba
78%
WWejherowo
78%
JJastarnia
77%
TTczew
77%
CChojnice
75%
RRumia
75%
LLębork
74%
KKwidzyn
72%
UUstka
72%
BBytów
69%
PPruszcz Gdański
69%
NNowy Dwór Gdański
55%
ŻŻukowo
40%
DDzierzgoń
25%

Rozkład punktacji

Percentyl według liczby udzielonych odpowiedzi

Procent ludzi z każdym wynikiem

Twoja historia wyników

Nie rozwiązałeś tego quizu od ostatniego zresetowania